Responsibility / (Record no. 109862)
[ view plain ]
| 000 -LEADER | |
|---|---|
| fixed length control field | 00737nam a2200205 a 4500 |
| 001 - CONTROL NUMBER | |
| control field | 1631 |
| 005 - DATE AND TIME OF LATEST TRANSACTION | |
| control field | 20140414131844.0 |
| 008 - FIXED-LENGTH DATA ELEMENTS--GENERAL INFORMATION | |
| fixed length control field | 010529s19uu xx 00 eng d |
| 020 ## - INTERNATIONAL STANDARD BOOK NUMBER | |
| International Standard Book Number | 0-89565-418-0 |
| 050 ## - LIBRARY OF CONGRESS CALL NUMBER | |
| Classification number | M 170.2 |
| Item number | P37 1988 |
| 100 ## - MAIN ENTRY--PERSONAL NAME | |
| Personal name | Pemberton, N. |
| 245 ## - TITLE STATEMENT | |
| Title | Responsibility / |
| Statement of responsibility, etc | by N. Pemberton and J. Riehecky ; illustrated by L. Hohag and L. Jacobson. |
| 260 ## - PUBLICATION, DISTRIBUTION, ETC. (IMPRINT) | |
| Place of publication, distribution, etc | Mankato, MN : |
| Name of publisher, distributor, etc | The Child's World, |
| Date of publication, distribution, etc | 1988. |
| 300 ## - PHYSICAL DESCRIPTION | |
| Extent | 31 p. ; col. ill. ; cm. |
| 440 ## - SERIES STATEMENT/ADDED ENTRY--TITLE | |
| Title | Values to live by |
| 520 ## - SUMMARY, ETC. | |
| Summary, etc | Suggest ways to show responsibility, such as remembering to feed kitty, eating one's peas, and wearing boots in the rain. |
| 650 ## - SUBJECT ADDED ENTRY--TOPICAL TERM | |
| Topical term or geographic name as entry element | Responsibility - Juvenile literature. |
| 650 ## - SUBJECT ADDED ENTRY--TOPICAL TERM | |
| Topical term or geographic name as entry element | Conduct of life. |
| Withdrawn status | Lost status | Damaged status | Use restrictions | Home library | Current library | Shelving location | Date acquired | Source of acquisition | Total Checkouts | Full call number | Barcode | Date last seen | Price effective from | Koha item type |
|---|---|---|---|---|---|---|---|---|---|---|---|---|---|---|
| Munich Library | Munich Library | Main Section | 12/21/2004 | M 170.2 P37 1988 | M0034 | 04/14/2014 | 04/14/2014 | Books |